00488nam a2200157 a 450000100100000000500170001000800410002702000180006804000250008608200150011110000250012624500610015126000360021230000500024850400320029800004300620201002040551.0140217s2007 xxuabc r 000 0 spa d a9780553382402 aDO-SdBNPbspacBNPHU axxxxbxxxx1 aMeyer, G. J.,d1940-10aA world undone :bthe story of the great war, 1914-1918. aNew York :bBantam Dell,c2007. axxxvi, 777 p. :bil., mapas, retrs. ;c21 cm. aBibliografía : p. 753-763